| 000 | 00428nam a2200157Ia 4500 | ||
|---|---|---|---|
| 008 | 160316s2002 xxu||||| |||| 00| 0 eng d | ||
| 082 |
_a362.795000 _bDEP |
||
| 100 | _a | ||
| 245 | _aThe Indian Child: A Profile | ||
| 250 | _a | ||
| 260 |
_a _bDept of Women and Child Development _c2002 |
||
| 300 |
_a172 _b _c |
||
| 365 | _b | ||
| 650 | _aIndian child, Profile, Union Territories, Education, Health, Nutrition | ||
| 700 |
_a _a |
||
| 999 |
_c27007 _d27007 |
||